Statistics for "U" Synonyms

Click here to take the quiz!

General Stats

  • This quiz has been taken 58 times
  • The average score is 10 of 20

Answer Stats

WordU Synonyms% Correct
PeeUrine / Urea
98%
BelowUnder
96%
AboveUp
90%
HideousUgly / Unattractive / Unsightly
84%
MetropolitanUrban
76%
SickUnwell
68%
ZombieUndead
66%
CombineUnite / Unify
58%
FetusUnborn
52%
OnUpon
42%
SeizeUsurp
36%
AndrogenousUnisex
34%
SnobbyUppity
32%
Loan-SharkingUsury
32%
NippleUdder
30%
SingleUnwed / Unmarried
30%
MeanUnkind
26%
SavoryUmami
24%
WorriedUpset / Unsettled
22%
EvilUnholy
6%

Score Distribution

Percentile by Number Answered

Percent of People with Each Score

Your Score History

You have not taken this quiz